[Event "Aarhus"]
[Site "Aarhus"]
[Date "1993.??.??"]
[Round "4"]
[White "Polgar, Sofia"]
[Black "Pedersen, Erik"]
[Result "1-0"]
[WhiteElo "2415"]
[BlackElo "2410"]

1.e4 d6 2.d4 Nf6 3.Nc3 e5 4.Nf3 Nbd7 5.Bc4 Be7 6.O-O O-O 7.a4 c6 8.Ba2 b6
9.h3 Bb7 10.Nh4 Nxe4 11.Nxe4 Bxh4 12.Nxd6 Ba6 13.Qh5 g6 14.Nxf7 gxh5 15.Nxd8+ Kh8
16.Nf7+ Rxf7 17.Bxf7 Bxf1 18.Kxf1 Rf8 19.g3 Bxg3 20.fxg3 Rxf7+ 21.Ke2 exd4
22.a5 Kg7 23.b4 c5 24.bxc5 bxc5 25.Rb1 Re7+ 26.Kd3 Ne5+ 27.Ke4 Kf6 28.Kd5 Nf3
29.Bf4 Re2 30.Rf1 Nh2 31.Be5+ Ke7 32.Bd6+ Ke8 33.Rf8+ Kd7 34.Rf7+ Ke8 35.Rxa7 Rxc2
36.a6 d3 37.Re7+ Kd8 38.a7 Ra2 39.Rb7 Nf1 40.Ke6 Re2+ 41.Be5  1-0

[Event "Aarhus-A"]
[Site "Aarhus"]
[Date "1993.??.??"]
[Round "7"]
[White "Alkaersig, Ole"]
[Black "Hoiberg, Nina"]
[Result "1/2-1/2"]
[WhiteElo "2265"]
[BlackElo "2230"]

1.d4 d6 2.e4 Nf6 3.Nc3 e5 4.Nf3 Nbd7 5.Bc4 Be7 6.O-O O-O 7.a4 c6 8.a5 Rb8
9.Re1 b6 10.axb6 axb6 11.Bf1 Bb7 12.b3 Ra8 13.Bb2 b5 14.dxe5 dxe5 15.Qe2 Qb6
16.Nd1 Rxa1 17.Bxa1 Bb4 18.Bc3 Bd6 19.Nd2  1/2-1/2

[Event "Alushta"]
[Site "Alushta"]
[Date "1993.??.??"]
[Round "?"]
[White "Gipslis, Aivars"]
[Black "Moskalenko, Viktor"]
[Result "1/2-1/2"]
[WhiteElo "2490"]
[BlackElo "2555"]

1.e4 d6 2.d4 Nf6 3.Nc3 e5 4.dxe5 dxe5 5.Qxd8+ Kxd8 6.Bc4 Be6 7.Bxe6 fxe6
8.f3 Bc5 9.Na4 Bd6 10.Be3 Nbd7 11.O-O-O Ke7 12.Nh3 b5 13.Nc3 Rhb8 14.Nf2 b4
15.Ne2 a5 16.Kb1 h6 17.Rd2 a4 18.Rc1 Nb6 19.c4 bxc3 20.Rxc3 Nfd7 21.Nd3 Ra5
22.Rdc2 Nc8 23.Kc1 Na7 24.Rc4 Nb6 25.R4c3 Nb5 26.Rc6 Raa8 27.g3 a3 28.b3 Nd7  1/2-1/2

[Event "Andorra op"]
[Site "Andorra"]
[Date "1993.??.??"]
[Round "2"]
[White "Valdes, Maritza"]
[Black "Blatny, Pavel"]
[Result "1-0"]
[WhiteElo "2125"]
[BlackElo "2510"]

1.e4 d6 2.d4 Nf6 3.Nc3 c6 4.a4 Qc7 5.h3 e5 6.Nf3 Be7 7.Bc4 O-O 8.O-O Nbd7
9.a5 Rb8 10.Qe2 b5 11.axb6 axb6 12.Bg5 b5 13.Bb3 exd4 14.Nxd4 Nc5 15.f3 Re8
16.Qd2 b4 17.Nce2 Nxb3 18.Nxb3 d5 19.e5 Nd7 20.Bxe7 Rxe7 21.f4 f6 22.exf6 Nxf6
23.Ng3 h5 24.Qf2 Be6 25.Nc5 h4 26.Ne2 Bc8 27.Nc1 Qd6 28.N1b3 Bf5 29.Rac1 Rbe8
30.Qxh4 Re2 31.Rf2 d4 32.Qg5 Qd5 33.g4 Re1+ 34.Rf1 Rxc1 35.Rxc1 d3 36.cxd3 Re2
37.gxf5 Nh5 38.Ne6 Rxb2 39.Nbd4 c5 40.Nc2 b3 41.Qxh5 Rxc2 42.Qe8+ Kh7 43.Qg6+  1-0

[Event "AUT-chT"]
[Site "?"]
[Date "1993.??.??"]
[Round "?"]
[White "Dueckstein, Andreas"]
[Black "Vokroj, Rene"]
[Result "1-0"]
[WhiteElo "2360"]
[BlackElo "2240"]

1.e4 d6 2.d4 Nf6 3.Nc3 c6 4.h3 e5 5.Nf3 Qc7 6.a4 Be7 7.Bc4 O-O 8.O-O Nbd7
9.Re1 exd4 10.Nxd4 d5 11.exd5 Nb6 12.Bb3 Nbxd5 13.Nxd5 Nxd5 14.Bxd5 cxd5
15.Nb5 Qd8 16.Bf4 Be6 17.Nc7 Rc8 18.Rxe6 fxe6 19.Nxe6 Qd7 20.Nxf8 Kxf8 21.Qd3 Rc4
22.Be5 Re4 23.Bd4 Qe6 24.c3 Bd6 25.Kf1 g5 26.Rd1 h5 27.Qf3+ Bf4 28.Qxh5 Qa6+
29.Kg1 g4 30.Bc5+ Kg7 31.Qxg4+ Kh6 32.Bf8+  1-0

[Event "Avoine Ronde op"]
[Site "Avoine"]
[Date "1993.??.??"]
[Round "?"]
[White "Roinel, Franck"]
[Black "Okhotnik, Vladimir"]
[Result "0-1"]
[WhiteElo "1990"]
[BlackElo "2395"]

1.e4 d6 2.Nc3 Nf6 3.d4 c6 4.Bf4 Qa5 5.f3 e5 6.Be3 b5 7.Qd2 Be7 8.g4 a6 9.Nge2 h5
10.g5 Nfd7 11.h4 b4 12.Nd1 c5 13.dxc5 Nxc5 14.c3 Be6 15.cxb4 Qxb4 16.Qxb4 Nd3+
17.Kd2 Nxb4 18.a3 N4c6 19.Nec3 Na5 20.Ke1 Nb3 21.Rb1 Nc6 22.Bg1 O-O 23.Ne3 Ncd4
24.Ned5 Bd8 25.Bg2 Ba5 26.Kf2 Rab8 27.Rd1 f5 28.Ke3 fxe4 29.fxe4 Bg4 30.Rf1 Rxf1
31.Bxf1 Rf8 32.Bg2 Nc2+  0-1

[Event "GER-ch"]
[Site "Bad Wildbad"]
[Date "1993.??.??"]
[Round "3"]
[White "Braeuning, Rudolf Wilhelm"]
[Black "Maiwald, Jens Uwe"]
[Result "0-1"]
[WhiteElo "2305"]
[BlackElo "2430"]

1.e4 d6 2.d4 Nf6 3.Nc3 e5 4.Nf3 Nbd7 5.Bc4 Be7 6.O-O O-O 7.a4 a5 8.Qe2 c6
9.Rd1 Qb6 10.h3 exd4 11.Nxd4 Nc5 12.Nb3 Be6 13.Be3 Bxc4 14.Qxc4 Qb4 15.Rd4 Qxc4
16.Rxc4 Nxb3 17.cxb3 Nd7 18.Rd1 Rfd8 19.f4 f5 20.b4 fxe4 21.Rxe4 Re8 22.b5 d5
23.Re6 Bc5 24.Rxe8+ Rxe8 25.Bxc5 Nxc5 26.Kf2 Kf7 27.Kf3 h6 28.f5 Kf6 29.Kf4 Nxa4
30.Nxa4 Re4+ 31.Kf3 Rxa4 32.bxc6 bxc6 33.Rc1 Rc4 34.Ra1 Kxf5 35.Rxa5 Rb4
36.Ra2 Rb3+ 37.Kf2 Ke4 38.Kg1 d4  0-1

[Event "GER-ch"]
[Site "Bad Wildbad"]
[Date "1993.??.??"]
[Round "4"]
[White "Pirrot, Dieter"]
[Black "Schmidt Schaeffer, Sebastian"]
[Result "0-1"]
[WhiteElo "2400"]
[BlackElo "2275"]

1.e4 d6 2.d4 Nf6 3.Nc3 e5 4.f3 exd4 5.Qxd4 Nc6 6.Bb5 Bd7 7.Bxc6 Bxc6 8.Bg5 Be7
9.Nge2 O-O 10.O-O-O Nxe4 11.Bxe7 Nxc3 12.Qxc3 Qxe7 13.Nd4 Qd7 14.g4 Rae8
15.h4 f6 16.Rhg1 Bd5 17.b3 Re5 18.h5 Rfe8 19.Rd3 Be6 20.f4 Rc5 21.Qb2 Bxg4
22.f5 Bxf5 23.Rdg3 Re7 24.b4 Rce5 25.Nf3 Re2 26.Nd4 Re1+ 27.Kd2 Rxg1 28.Rxg1 Bg4
29.Qb3+ Kh8 30.h6 c5 31.Nf3  0-1

[Event "GER-ch"]
[Site "Bad Wildbad"]
[Date "1993.??.??"]
[Round "7"]
[White "Meyer, I."]
[Black "Muse, Mladen"]
[Result "1-0"]
[WhiteElo "2280"]
[BlackElo "2485"]

1.d4 d6 2.e4 Nf6 3.Nc3 c6 4.Nf3 Qa5 5.Bd2 Qb6 6.Na4 Qc7 7.Bd3 Bg4 8.h3 Bh5
9.c4 Nbd7 10.g4 Bg6 11.Qe2 e5 12.d5 a6 13.Nh4 Be7 14.Nf5 Bxf5 15.gxf5 cxd5
16.cxd5 b5 17.Rc1 Qb7 18.Nc3 g6 19.Qf3 Nc5 20.Bc2 a5 21.Ne2 b4 22.Ng3 a4
23.Bd3 Nfd7 24.Be2 Bd8 25.h4 Rg8 26.h5 g5 27.f6 g4 28.Qf5 Nxf6 29.Rxc5 dxc5
30.Qxe5+ Kd7 31.Bf4 Kc8 32.Nf5 Ne8 33.Nh6 Bf6 34.Qf5+ Qd7 35.Qxd7+ Kxd7 36.Nxg8 Bxb2
37.Bxg4+ Kd8 38.Kd2 c4 39.Kc2 c3 40.Bg5+ Kc7 41.e5 Rb8 42.d6+ Kc6 43.Ne7+ Kb7
44.Bf3+ Ka6 45.Be2+ Kb6 46.d7 Ng7 47.Nc8+  1-0

[Event "Baden-Baden op"]
[Site "Baden-Baden"]
[Date "1993.??.??"]
[Round "5"]
[White "Ankerst, Mihael"]
[Black "Beikert, Guenther"]
[Result "0-1"]
[WhiteElo "2205"]
[BlackElo "2415"]

1.e4 d6 2.d4 Nf6 3.Nc3 e5 4.Nf3 Nbd7 5.Bc4 Be7 6.O-O O-O 7.h3 b6 8.Re1 Bb7
9.Bg5 c6 10.a4 a6 11.dxe5 dxe5 12.Nh4 b5 13.Ba2 g6 14.Qf3 Ne8 15.Bxe7 Qxe7
16.Qg3 Kh8 17.Rad1 Nc5 18.Nf3 f6 19.Nh4 Bc8 20.Qxg6 Qg7 21.Qxg7+ Kxg7 22.Rd8 Nb7
23.Nf5+ Kh8 24.Rd2 b4 25.Nd1 Nc5 26.Rd8 Nb7 27.Rd2 Nc5 28.Bb3 Nc7 29.f3 Bxf5
30.exf5 Rad8 31.Ree2 Nd5 32.Bxd5 cxd5 33.b3 h5 34.g4 hxg4 35.hxg4 Kg7 36.Ne3 d4
37.Nc4 d3 38.Re3 dxc2 39.Rxc2 Rd1+ 40.Kg2 Nd3 41.Kg3 Rh8 42.Rd2 Rg1+ 43.Rg2 Rh3+
44.Kxh3 Nf4+ 45.Kh2 Rxg2+ 46.Kh1 Rc2 47.g5 Rc3 48.gxf6+ Kxf6 49.Nxe5 Kxf5
50.Ng4 Nd3 51.Kg2 Rxb3 52.Nf2 Nf4+  0-1

[Event "Baden-Baden op"]
[Site "Baden-Baden"]
[Date "1993.??.??"]
[Round "6"]
[White "Kindermann, Stefan"]
[Black "Beikert, Guenther"]
[Result "1/2-1/2"]
[WhiteElo "2520"]
[BlackElo "2415"]

1.e4 d6 2.d4 Nf6 3.Nc3 e5 4.Nf3 Nbd7 5.Bc4 Be7 6.O-O O-O 7.a4 c6 8.Ba2 a5
9.h3 Qb6 10.d5 Nc5 11.Nd2 Qb4 12.Nc4 Nfxe4 13.Nxe4 Nxe4 14.Be3 b5 15.c3 Qxa4
16.Bb3 Qxa1 17.Qxa1 bxc4 18.Bxc4 Bb7 19.dxc6 Bxc6 20.Qa2 h6 21.Bd5 Bxd5 22.Qxd5 Nf6
23.Qb7 Rfe8 24.Ba7 Rad8 25.Qb5 Ra8 26.Qb7 Rad8 27.Qb5 Ra8 28.Qb7  1/2-1/2

[Event "Baden-Baden op"]
[Site "Baden-Baden"]
[Date "1993.??.??"]
[Round "8"]
[White "Pirrot, Dieter"]
[Black "Eberlein, Wolfgang"]
[Result "1-0"]
[WhiteElo "2400"]
[BlackElo "2260"]

1.e4 d6 2.d4 Nf6 3.Nc3 c6 4.f4 Qa5 5.Bd3 e5 6.Nf3 Bg4 7.Be3 Nbd7 8.O-O Be7
9.Kh1 O-O 10.Qd2 Bxf3 11.Rxf3 b5 12.fxe5 dxe5 13.Nd5 Bd8 14.Qxa5 Bxa5 15.Ne7+ Kh8
16.Nxc6 exd4 17.Bxd4 Bb6 18.Bc3 Rac8 19.Ne7 Rce8 20.Nf5 Ne5 21.Rg3 Nfg4 22.h3 Nf2+
23.Kh2 g6 24.Nd6 Re6 25.Nxb5 Kg8 26.Nd4 Ree8 27.Rf1 Nfxd3 28.cxd3 Bc7 29.Kh1 Rb8
30.Nf5 f6 31.Ne7+ Kg7 32.Nd5 Bd6 33.d4 Nc4 34.Rgf3 Nxb2 35.e5 fxe5 36.dxe5 Rxf3
37.Rxf3 Bc5 38.e6+ Kh6 39.Bd2+ g5 40.h4 Nc4 41.Bxg5+ Kg6 42.Rf6+ Kg7 43.Rf7+ Kh8
44.Bf6+ Kg8 45.Bb2  1-0

[Event "Oberliga Baden9293"]
[Site "Baden"]
[Date "1993.??.??"]
[Round "?"]
[White "Mueller, Rudolf"]
[Black "Schmidt Schaeffer, Sebastian"]
[Result "0-1"]
[WhiteElo "2320"]
[BlackElo "2275"]

1.e4 d6 2.d4 Nf6 3.Nc3 e5 4.d5 Be7 5.Be2 c6 6.Be3 O-O 7.h4 cxd5 8.exd5 a6
9.g4 Qa5 10.Nh3 b5 11.g5 Ne4 12.Bd2 Nxd2 13.Qxd2 Bf5 14.f4 Nd7 15.fxe5 Nxe5
16.Nf2 Rac8 17.Nce4 Qa4 18.b3 Qa3 19.O-O Bd8 20.Kh2 Qb2 21.Nd3 Nxd3 22.Bxd3 Bg6
23.Qf4 Rxc2+ 24.Bxc2 Qxc2+ 25.Nd2 Bb6 26.Rae1 Qxa2 27.Ra1 Qb2 28.Rxa6 Bd4
29.Kh1 Be5 30.Qe3 Bd4 31.Qe2 Qc3 32.Rf3 Qc5 33.Ra5 Bh5 34.Rxb5 Qc1+ 35.Rf1 Bxe2
36.Rxc1 Bxb5 37.Rc7 Re8 38.Nf3 Be3 39.Rb7 Be2 40.Kg2 g6 41.b4 Re4 42.Kg3 Rf4
43.Nh2 Rf5 44.Ng4 Bxg4 45.Kxg4 Rxd5 46.b5 Kg7 47.Rb8 Rd4+ 48.Kf3 Bd2 49.Ke2 Ba5
50.b6 Rb4 51.h5 gxh5  0-1

[Event "Oberliga Baden9293"]
[Site "Baden"]
[Date "1993.??.??"]
[Round "?"]
[White "Pape, Joerg2"]
[Black "Schmidt Schaeffer, Sebastian"]
[Result "0-1"]
[WhiteElo "2205"]
[BlackElo "2275"]

1.e4 d6 2.d4 Nf6 3.Nc3 e5 4.f4 exd4 5.Qxd4 Nc6 6.Qa4 Be7 7.Bd3 O-O 8.Nf3 Bg4
9.Be3 a6 10.e5 b5 11.Nxb5 axb5 12.Qxb5 dxe5 13.Qxc6 Bd7 14.Qc3 e4 15.Bc4 exf3
16.gxf3 Bh3 17.Rg1 Rb8 18.a3 Re8 19.Rd1 Bd6 20.Rg3 Be6 21.Bd3 g6 22.Be4 Nh5
23.Rg5 Qf6 24.Qxf6 Nxf6 25.b4 Nh5 26.Bc6 Bd7 27.Be4 f5 28.Bd5+ Kg7 29.Kf2 Rxe3
30.Rxh5 Rxa3 31.Rg5 Bxf4 32.Rg2 Rxb4 33.Bb3 Ba4 34.Bxa4 Rbxa4 35.Rd7+ Kf6
36.Rxh7 Rc4  0-1

[Event "Oberliga Baden9293"]
[Site "Baden"]
[Date "1993.??.??"]
[Round "?"]
[White "Loeffler, Markus"]
[Black "Pape, Joerg2"]
[Result "1-0"]
[WhiteElo "2235"]
[BlackElo "2205"]

1.e4 d6 2.d4 Nf6 3.Nc3 c6 4.Nf3 Bg4 5.h3 Bh5 6.Be2 Qa5 7.O-O e5 8.Be3 Be7
9.Qd2 Nbd7 10.a4 exd4 11.Nxd4 Bxe2 12.Qxe2 g6 13.Rfd1 O-O 14.Bf4 Rfe8 15.Nb3 Qc7
16.Rd2 Nh5 17.Bh2 Rad8 18.Rad1 Ndf6 19.Qc4 Rd7 20.Nc5 Rdd8 21.Nd3 Qb6 22.b4 d5
23.exd5 cxd5 24.Qb3 Ne4 25.Nxe4 dxe4 26.Ne5 Qe6 27.Qxe6 fxe6 28.Rxd8 Rxd8
29.Rxd8+ Bxd8 30.Nc4 Nf6 31.b5 Be7 32.Na5 b6 33.Nc6 Bc5 34.Bb8 Nd5 35.Bxa7 Kf8
36.a5 e3 37.fxe3 Bxe3+ 38.Kf1 bxa5 39.Bxe3 Nxe3+ 40.Ke2 Nc4 41.Kd3 Nd6 42.b6 Nb7
43.Kc4 Ke8 44.Kb5 a4 45.Kxa4 Kd7 46.Na5 Nd6 47.c4 Ne4 48.Kb5 e5 49.c5 Kc8
50.Nc6 Nc3+ 51.Kc4 Nd1 52.Nxe5 Ne3+ 53.Kb5  1-0

[Event "Balatonbereny op"]
[Site "Balatonbereny"]
[Date "1993.??.??"]
[Round "4"]
[White "Juergens, Vera"]
[Black "Bagonyai, Attila"]
[Result "1-0"]
[WhiteElo "2350"]
[BlackElo "2245"]

1.d4 d6 2.e4 Nf6 3.Nc3 c6 4.a4 e5 5.h3 Qa5 6.Qd3 b5 7.Bd2 b4 8.Nce2 d5 9.exd5 e4
10.Qg3 Qxd5 11.Qe5+ Qxe5 12.dxe5 Nfd7 13.e6 fxe6 14.g4 a5 15.Ng3 Nc5 16.Bg2 b3
17.Nxe4 bxc2 18.Nxc5 Bxc5 19.Rc1 O-O 20.f4 Bb4 21.Ne2 Ba6 22.Rxc2 Bd3 23.Rc1 Bxe2
24.Kxe2 Bxd2 25.Kxd2 Rxf4 26.Ke3 Rb4 27.Rhd1 Rxb2 28.Rd8+ Kf7 29.Bxc6 Ra7
30.Bb5 Na6 31.Rf1+ Ke7 32.Re8+ Kd6 33.Rd1+ Ke5 34.Bc4 Rb6 35.Rd5+ Kf6 36.Rxa5 Kf7
37.Rh8 Rc7 38.Rxa6  1-0

[Event "Balkaniad (Men)"]
[Site "?"]
[Date "1993.??.??"]
[Round "5"]
[White "Cosma, Ioan"]
[Black "Ermenkov, Evgenij"]
[Result "1/2-1/2"]
[WhiteElo "2400"]
[BlackElo "2495"]

1.d4 d6 2.e4 Nf6 3.Nc3 Nbd7 4.f4 e5 5.Nf3 exd4 6.Qxd4 c6 7.Be3 d5 8.e5 Ng4
9.Bg1 Bc5 10.Qd2 Bxg1 11.Rxg1 Qb6 12.O-O-O Nxh2 13.Be2 Ng4 14.Nd4 Nc5 15.e6 Nf6
16.exf7+ Kxf7 17.Nf3 Re8 18.Ne5+ Kg8 19.Bf3 Be6 20.g4 Rad8 21.f5 Nfe4 22.Bxe4 Nxe4
23.Nxe4 dxe4 24.Qg5 h6  1/2-1/2

[Event "Balkaniad (Women)"]
[Site "?"]
[Date "1993.??.??"]
[Round "3"]
[White "Makropoulou, Marina"]
[Black "Stanciu, Gabriela"]
[Result "1-0"]
[WhiteElo "2270"]
[BlackElo "2215"]

1.e4 d6 2.d4 Nf6 3.Nc3 e5 4.Nf3 Nbd7 5.Bc4 Be7 6.O-O O-O 7.Qe2 c6 8.a4 a5
9.Rd1 Qc7 10.h3 exd4 11.Nxd4 Nc5 12.Ba2 Be6 13.Nxe6 fxe6 14.Bf4 Nfd7 15.Bg3 Kh8
16.f4 Qb6 17.Kh2 Qxb2 18.Qe3 Qb6 19.Rab1 Qd8 20.Ne2 Qe8 21.Nd4 Qg6 22.Nxe6 Nxe6
23.f5 Qg5 24.Qxg5 Nxg5 25.Rxb7 Rfd8 26.Be6 Nxe4 27.Rxd7 Rxd7 28.Bxd7 Nxg3
29.Kxg3 c5 30.Kf3 Rb8 31.Bb5 Kg8 32.Ke4 g6 33.g4 gxf5+ 34.Kxf5 Kf7 35.Bc4+ Kg7
36.Ke6 Bf8 37.Rf1 Rb7 38.Kd5 Rb6 39.Bb5 h6 40.Re1 Kf6 41.Re8 Kf7 42.Ra8 c4
43.Rxa5 c3 44.Ra7+ Kg8 45.Rd7 Rb8 46.Kc6 Bg7 47.Bc4+ Kh8 48.Kc7 Ra8 49.Rd8+ Rxd8
50.Kxd8 Bd4 51.a5 Kg7 52.Kc7 Bc5 53.a6 Kf6 54.Kb7 Kg5 55.a7 Bxa7 56.Kxa7 Kh4
57.Be6 d5 58.Bxd5 Kxh3 59.Be6  1-0

[Event "Balkaniad-Girls"]
[Site "?"]
[Date "1993.??.??"]
[Round "3"]
[White "Vajda, Szidonia"]
[Black "Dimitrova, Leila"]
[Result "0-1"]
[WhiteElo "2145"]
[BlackElo "2150"]

1.e4 d6 2.d4 Nf6 3.Nc3 c6 4.a4 Qa5 5.Bd2 e5 6.dxe5 dxe5 7.Bc4 Bb4 8.Nf3 O-O
9.O-O Bg4 10.Qe2 Nbd7 11.h3 Bh5 12.Rfd1 Rad8 13.Nb1 Bxf3 14.Qxf3 Bxd2 15.Nxd2 Qb4
16.b3 a5 17.c3 Qe7 18.Bf1 Nc5 19.Bc4 Rd7 20.b4 axb4 21.cxb4 Rfd8 22.bxc5 Rxd2
23.Rxd2 Rxd2 24.Rc1 Rd4 25.Bd3 Rxa4 26.Bc4 g6 27.Qb3 Ra8 28.Bd3 Kg7 29.g3 Rd8
30.Kg2 Rd4 31.Qb1 Nd7 32.Rc3 Nxc5 33.Bc2 b5 34.Rf3 Ne6 35.Qb2 b4 36.Qb1 c5
37.Ba4 c4 38.Bc6 Ng5 39.Re3 Qe6 40.Bd5 Qxh3+ 41.Kg1 Qg4 42.Re1 Nf3+ 43.Kg2 Nxe1+
44.Qxe1 c3 45.Qb1 Qh5 46.Bb3 Qe2 47.Qa1 Qxe4+ 48.Kg1 c2  0-1

[Event "Barcelona UGA"]
[Site "Barcelona"]
[Date "1993.??.??"]
[Round "9"]
[White "Rahal, Michael"]
[Black "Moreno, J."]
[Result "1-0"]
[WhiteElo "2310"]
[BlackElo "2100"]

1.d4 d6 2.e4 Nf6 3.Nc3 e5 4.dxe5 dxe5 5.Qxd8+ Kxd8 6.Bc4 Be6 7.Bxe6 fxe6
8.Nh3 Bb4 9.Bd2 Nc6 10.f3 Ke7 11.O-O-O Rad8 12.Nf2 a6 13.Nd3 Bd6 14.Ne2 b5
15.Kb1 a5 16.Rc1 Nb4 17.Be3 h6 18.a3 Nc6 19.Rhd1 Kf7 20.c4 b4 21.axb4 axb4
22.Kc2 Nd7 23.Ra1 Ra8 24.Rxa8 Rxa8 25.Nec1 Nd4+ 26.Bxd4 exd4 27.h3 c5 28.Nb3 Kf6
29.f4 e5 30.g3 exf4 31.gxf4 Bf8 32.Re1 Nb6 33.Nd2 Be7 34.Kb3 g5 35.f5 h5
36.Rf1 Nd7 37.e5+ Nxe5 38.Ne4+  1-0

[Event "Oberliga Bayern9394"]
[Site "Bayern"]
[Date "1993.??.??"]
[Round "?"]
[White "Sattler, Stefan"]
[Black "Droletz, Juergen"]
[Result "1-0"]
[WhiteElo "2120"]
[BlackElo "2140"]

1.e4 d6 2.d4 Nf6 3.Nc3 c6 4.Bd3 e5 5.Nge2 Be7 6.O-O Nbd7 7.f3 O-O 8.a4 a5
9.Be3 Re8 10.Bc4 Nf8 11.Qd2 Qc7 12.Ng3 Be6 13.Bxe6 Nxe6 14.d5 Nc5 15.Nf5 Bf8
16.Rad1 g6 17.Nh6+ Kg7 18.b3 Rad8 19.Qf2 Rd7 20.Qh4 Ng8 21.Nxg8 Kxg8 22.Kh1 Na6
23.Qf2 Nc5 24.dxc6 bxc6 25.Bxc5 dxc5 26.Rxd7 Qxd7 27.Rd1 Qb7 28.Qd2 c4 29.bxc4 Qb4
30.Qd3 Be7 31.Rb1 Qc5 32.h3 Rd8 33.Qe2 Rd4 34.Nd1 Rxc4 35.Ne3 Rc3 36.Ng4 Rxc2
37.Qe3 Qxe3 38.Nxe3 Ra2 39.Nc4 Rxa4 40.Nxe5 Rb4 41.Rc1 Bg5 42.Rd1 c5 43.Nc6 c4
44.h4 c3 45.Nxb4 axb4 46.hxg5 b3 47.Rd8+ Kg7 48.Kh2 b2 49.Rb8 c2 50.Rxb2 c1=Q
51.Rb5 Qf4+ 52.Kg1 f5 53.gxf6+ Kxf6 54.Kf2 h5 55.Rd5 h4 56.Rd3 Qc1 57.Rd5 Qc2+
58.Kf1 g5 59.Rf5+ Kg6 60.Rd5 g4 61.Rd6+ Kg5 62.Rd5+ Kf4 63.fxg4 Kg3  1-0

[Event "Oberliga Bayern9394"]
[Site "Bayern"]
[Date "1993.??.??"]
[Round "?"]
[White "Gass, Ulrich"]
[Black "Leibing, Ingo"]
[Result "1-0"]
[WhiteElo "2125"]
[BlackElo "1895"]

1.e4 d6 2.d4 Nf6 3.Nc3 c6 4.Bg5 h6 5.Bh4 Bg4 6.Qd2 Nbd7 7.f3 Bh5 8.g4 Bg6
9.O-O-O a6 10.Bg2 Nb6 11.Bxf6 gxf6 12.Nge2 Nc4 13.Qd3 d5 14.f4 e6 15.f5 Bh7
16.Nf4 Bd6 17.Rdf1 Qc7 18.Nh5 O-O-O 19.Rf2 Qb6 20.Nd1 Qa5 21.Kb1 e5 22.Nxf6 exd4
23.exd5 Ne5 24.Qxd4 Bc7 25.Re2 c5 26.Qc3 Qxc3 27.Nxc3 h5 28.h3 Nd7 29.Nce4 Nxf6
30.Nxf6 Rd6 31.Re8+ Rxe8 32.Nxe8 Rb6 33.Re1 hxg4 34.hxg4 Rb4 35.Nf6 Bd8 36.c3 Rf4
37.Re8 Rxg4 38.Nxg4 Bxf5+ 39.Be4 Bxg4 40.Rf8 f6 41.d6 b6 42.Rf7 Bd7 43.Bb7+ Kxb7
44.Rxd7+ Kc8 45.Ra7 a5 46.c4 f5 47.Rf7 f4 48.Kc2 f3 49.Kd3 Bh4 50.Ke4  1-0

[Event "JUG-chT2"]
[Site "Becici"]
[Date "1993.??.??"]
[Round "?"]
[White "Azaric, Slavko"]
[Black "Vlatkovic, Sinisa"]
[Result "1/2-1/2"]
[WhiteElo "2335"]
[BlackElo "2350"]

1.e4 d6 2.d4 Nf6 3.Nc3 c6 4.f3 e5 5.Nge2 Be7 6.Be3 Nbd7 7.Qd2 O-O 8.Nc1 d5
9.dxe5 Nxe5 10.exd5 Nxd5 11.Nxd5 Bh4+ 12.Bf2 Bxf2+ 13.Kxf2 cxd5 14.Nb3 Bf5
15.c3 Qh4+ 16.g3 Qf6 17.Nd4 Nc6 18.Bb5 Nxd4 19.Qxd4 Qxd4+ 20.cxd4 Rfc8 21.Rac1 a6
22.Be2 Kf8 23.g4 Be6 24.g5 Ke7 25.Bd3 h6 26.gxh6 gxh6 27.Rce1 Rg8 28.Rhg1 Kf6
29.Rg3 Rac8 30.Re5 Rxg3 31.hxg3 Rc1 32.Re1 Rc6 33.Rh1 Rb6 34.b3 Kg7 35.Ke3 a5
36.Kd2 a4 37.Rb1 axb3 38.Rxb3 Rxb3 39.axb3 Kf6 40.Kc3 Ke7 41.Kb4 Kd6 42.Ka5 Kc7
43.Kb5 b6 44.Kb4 Kd6 45.Kc3 Bd7 46.Kd2 Ke6 47.Ke3 Kf6 48.Kf4 Be6 49.Bb5 Ke7
50.Ke5 f6+ 51.Kf4 Bc8 52.Bd3 Bd7 53.Bf5 Bb5 54.Bc8 Bd3 55.Bf5 Bb5 56.Bg6 Be2
57.g4 Bd1 58.b4 Ba4 59.Kg3 Kf8 60.Kh4 Bd1 61.Kg3 Ke7 62.Bd3 Kf7 63.f4 Ba4
64.Bf5 Be8 65.Bh7 Kg7 66.Bf5 Kf7 67.Kh4 Ke7 68.Bc2 Kf7 69.Bb1 Ke7 70.Bd3 Ke6
71.Bf5+ Ke7 72.Bh7 Bf7 73.g5 hxg5+ 74.fxg5 fxg5+ 75.Kxg5 Be8 76.Bg8 Kd6 77.Kf6 Bd7
78.Bf7 Bc6  1/2-1/2

[Event "Benasque op"]
[Site "Benasque"]
[Date "1993.??.??"]
[Round "3"]
[White "De la Riva Aguado, Oscar"]
[Black "Moskalenko, Viktor"]
[Result "0-1"]
[WhiteElo "2400"]
[BlackElo "2555"]

1.e4 d6 2.d4 Nf6 3.Nc3 e5 4.Nge2 Nc6 5.h3 Be7 6.Be3 O-O 7.d5 Nb8 8.g3 Ne8
9.Bg2 Nd7 10.Qd2 g6 11.O-O Ng7 12.Rae1 f5 13.exf5 gxf5 14.f4 Rf6 15.Kh2 Rg6
16.Ng1 Nh5 17.g4 exf4 18.gxh5 fxe3 19.Qxe3 Rg7 20.h6 Rf7 21.Bf3 Bg5 22.Qe2 Ne5
23.Bh5 Rf8 24.Nf3 Nxf3+ 25.Rxf3 Bxh6 26.Qe7 Bd7 27.Re6 Qxe7 28.Rxe7 Rad8
29.Kg2 c5 30.Rg3+ Kh8 31.Kf3 f4 32.Rg1 Bxh3 33.Ne4 Bf5 34.Rxb7 Bxe4+ 35.Kxe4 Rb8
36.Rxa7 Rb4+ 37.Kd3 f3 38.Bf7 Rd4+ 39.Kc3 Bd2+ 40.Kb3 Rb8+ 41.Ka3 Bb4+ 42.Kb3 f2
43.Rh1 Bd2+ 44.Ka3 Bb4+ 45.Kb3 c4+ 46.Ka4 c3 47.Re7 cxb2 48.c4 Rh4  0-1

[Event "Berliner Sommer"]
[Site "Berlin"]
[Date "1993.??.??"]
[Round "?"]
[White "Tseitlin, Mikhail S"]
[Black "Bartosik, Piotr"]
[Result "1-0"]
[WhiteElo "2430"]
[BlackElo "2230"]

1.e4 d6 2.d4 Nf6 3.Nc3 Nbd7 4.f4 e5 5.Nf3 exf4 6.Bxf4 Be7 7.Bd3 Nh5 8.Be3 Ndf6
9.Qd2 c6 10.O-O-O h6 11.h3 Ng3 12.Rhe1 Qc7 13.Bg1 d5 14.exd5 O-O 15.Bh2 Bd6
16.Ne5 Nf5 17.dxc6 bxc6 18.Ne4 Nxe4 19.Bxe4 f6 20.Bxc6 Rb8 21.Bd5+ Kh7 22.g4 fxe5
23.dxe5 Be7 24.e6 Bd6 25.Bxd6 Nxd6 26.e7 Re8 27.Bb3 Rb6 28.Qd3+ Kh8 29.Qf3 Nf5
30.gxf5 Rxe7 31.Qd5  1-0

[Event "Berliner Sommer"]
[Site "Berlin"]
[Date "1993.??.??"]
[Round "?"]
[White "Darnstaedt, Frank"]
[Black "Sokolov, Andrei"]
[Result "0-1"]
[WhiteElo "2360"]
[BlackElo "2525"]

1.e4 d6 2.d4 Nf6 3.Nc3 e5 4.Nf3 Nbd7 5.Bc4 Be7 6.O-O O-O 7.h3 c6 8.a4 b6
9.Qe2 Bb7 10.Ba2 a6 11.Rd1 Qc7 12.Bg5 b5 13.d5 cxd5 14.Nxd5 Bxd5 15.Bxd5 Nxd5
16.exd5 Bxg5 17.Nxg5 h6 18.Nf3 b4 19.Rdc1 Qb7 20.c3 Nc5 21.Qc4 Rfc8 22.Qxb4 Qxd5
23.Rd1 Qc6 24.Qc4 Rab8 25.Ra2 Ne4 26.Qe2 a5 27.Qd3 Rb6 28.Ne1 Nc5 29.Qc4 Qb7
30.Qe2 Rb8 31.Rb1 Qd5 32.Ra3 Qe4 33.Qxe4 Nxe4 34.Nd3 Nd2 35.Rd1 Nc4 36.Ra2 e4
37.Nf4 Rxb2 38.Rxb2 Rxb2 39.Rd4 e3 40.fxe3 Nxe3 41.Rd3 Nc4 42.Rd4 Ne3 43.Rd3 Rb1+
44.Kf2 Nd1+ 45.Kf3 Nb2 46.Rxd6 Nxa4 47.Rd5 Nxc3 48.Rxa5 Rb3 49.Kf2 Ne4+ 50.Ke2 g6
51.Re5 Ng3+ 52.Kf2 Nf5 53.Rd5 Rb2+ 54.Kg1 Nh4 55.Re5 Rxg2+  0-1

[Event "Berliner Sommer"]
[Site "Berlin"]
[Date "1993.??.??"]
[Round "?"]
[White "Golubev, Mihail"]
[Black "Rogozenko, Dorin"]
[Result "1/2-1/2"]
[WhiteElo "2500"]
[BlackElo "2500"]

1.e4 d6 2.d4 Nf6 3.Nc3 e5 4.dxe5 dxe5 5.Qxd8+ Kxd8 6.Bc4 Be6 7.Bxe6 fxe6
8.Be3 Bd6 9.f3 a6 10.O-O-O Nbd7  1/2-1/2

[Event "Berliner Sommer"]
[Site "Berlin"]
[Date "1993.??.??"]
[Round "?"]
[White "Kovalev, Andrei"]
[Black "Agrest, Evgenij"]
[Result "1/2-1/2"]
[WhiteElo "2545"]
[BlackElo "2465"]

1.e4 d6 2.d4 Nf6 3.Nc3 e5 4.dxe5 dxe5 5.Qxd8+ Kxd8 6.Bg5 Be6 7.O-O-O+ Nd7
8.f4 exf4 9.Nge2 h6 10.Bxf6+ gxf6 11.Nxf4 Bd6 12.g3 Be5 13.Nb5 c6 14.Nd4 Bxd4
15.Rxd4 Ke7 16.Be2 Rhd8 17.a3 Nc5 18.Rhd1 Rxd4 19.Rxd4 Rd8 20.Rxd8 Kxd8 21.Bf3 Bc8
22.b4 Ne6 23.Kd2 Nf8 24.Bh5 Ke7 25.Ke3 f5 26.e5 Nd7 27.Kd4 f6 28.Ng6+ Ke6
29.Nf4+ Ke7 30.exf6+ Kxf6 31.Be2 Ke7 32.Bd3 Kf6 33.Nh5+ Kg6 34.Be2 Kf7 35.c4 Ke7
36.a4 b6 37.c5 bxc5+ 38.bxc5 Nf8 39.Bf3 Bd7 40.Ke5 Ng6+ 41.Kd4 Nf8 42.Kc3 Ne6
43.Kb4 Be8 44.Nf4 Nxf4 45.gxf4 Kd8 46.Bg2 Bd7 47.Bf1 Be6 48.Bd3 Kd7 49.Bc2 Kd8
50.Ka5 Ke7 51.Bd3 Ke8 52.Ba6 Ke7 53.Kb4 Kd8 54.h3 Kd7 55.Be2 Bf7 56.Bf3 Be8
57.h4 Kd8 58.Bg2 Bd7 59.Bf1 Be6 60.Be2 Bf7 61.Ka5 Kc7 62.Bd1 Kc8 63.Bf3 Be8
64.Be2 Bf7 65.Ba6+ Kc7 66.Kb4 Kd7 67.Kc3 Ke7 68.Bc8 Be6 69.Bb7 Bd7 70.Ba6 Be6
71.Kb4 Kd8  1/2-1/2

[Event "Bled op"]
[Site "Bled"]
[Date "1993.??.??"]
[Round "?"]
[White "Cander, Mitja"]
[Black "Adler, Joel"]
[Result "1-0"]
[WhiteElo "2205"]
[BlackElo "2340"]

1.d4 d6 2.e4 Nf6 3.Nc3 e5 4.dxe5 dxe5 5.Qxd8+ Kxd8 6.Bg5 Be6 7.O-O-O+ Nd7
8.f4 exf4 9.Nf3 h6 10.Bxf4 c6 11.Ne5 Bb4 12.Bc4 Ke7 13.Bxe6 Kxe6 14.Nxd7 Nxd7
15.Ne2 Bc5 16.Nd4+ Bxd4 17.Rxd4 f6 18.Rhd1 Nb6 19.a4 Rae8 20.a5 Nc8 21.Rc4 a6
22.Rd3 Rd8 23.Rb4 Rxd3 24.cxd3 g5 25.Bg3 Rh7 26.Rd4 Rd7 27.Rxd7 Kxd7 28.Kd2 Ne7
29.Kc3 f5 30.Kd4 f4 31.Be1 Ng6 32.g3 Ke6 33.gxf4 gxf4 34.Bd2 c5+ 35.Kxc5 f3
36.Be3 Ne5 37.Kb6 Nxd3 38.Kxb7 Ke5 39.Kxa6 Kxe4 40.Bg1 Nxb2 41.Kb5 Nd1 42.a6 Nc3+
43.Kc6  1-0

[Event "Bled op"]
[Site "Bled"]
[Date "1993.??.??"]
[Round "?"]
[White "Kljako, Damir"]
[Black "Cander, Mitja"]
[Result "0-1"]
[WhiteElo "2305"]
[BlackElo "2205"]

1.d4 d6 2.e4 Nf6 3.Nc3 e5 4.dxe5 dxe5 5.Qxd8+ Kxd8 6.Bg5 Be6 7.O-O-O+ Nd7
8.Nf3 Bd6 9.Nb5 Ke7 10.Nxd6 cxd6 11.Nd2 h6 12.Bh4 g5 13.Bg3 Rac8 14.f3 Rc7
15.Kb1 Rhc8 16.c3 d5 17.exd5 Nxd5 18.Re1 f6 19.Nb3 a5 20.Bb5 N7b6 21.Bxe5 fxe5
22.Rxe5 Kf6 23.Rhe1 Bf7 24.Nd2 Bg6+ 25.Ka1 Re7 26.f4 gxf4 27.Nf3 Ne3  0-1